00867nam a22002657a 45000010005000000030006000050050017000110080041000280200018000690400029000870500015001160820008001311000031001392450095001702600058002653000054003234900019003775050008003965200070004045210023004745210020004976500026005176500025005437000033005689884FISKH20260311161834.0260311b cb ||||| |||| 00| 0 eng d a9780916119294 aFISKHbengcFISKHdFISKH aPZ10 .W668 a563 aWilliams , Rozanne Lanczak aWhose forest is it ? / cWritten by Rozanne Lanczak Williams : Illustrated by Rick Grayson aCalifornia :bCreative Teaching Press , Inc , c1994. a8 pages : bcolor illustrations ; c16 X 23 cm .  aLearn to read  aC  aDescribes who lives in the forest and how we need to conserve it.8 a120 bLexile BR 8 aC bRaz-Plus  aHabitatsvNon-fiction aAnimalsvNon-fiction aGrayson , RickeIllustrator